00603nam a2200169Ia 4500999001500000020001800015082001800033100002600051245008500077260003600162300001400198504001900212650003800231650003200269942000700301952012500308 c6222d6222 a9788178242330 a320.954 GUP-P aGupta, Partha Sarathi 0aPower, politics and the people: studies in British imperialism and Indian nation aRanikhetbPermanent Blackc2008 aviii, 528 aincludes index aPolitical culturevIndiavHistory aNationalismvIndiavHistory cBK 00104070aNASSDOCbNASSDOCd2008-10-24eSAMSi2008-09-10l0o320.954 GUP-Pp44701r2019-04-18 00:00:00w2019-04-18yBK